| 000 | 00557nam a2200169Ia 4500 | ||
|---|---|---|---|
| 005 | 20250508155419.0 | ||
| 008 | 008 250505s9999 xx 000 0 eng d | ||
| 037 | _aBooks to be hide in OPAC | ||
| 040 |
_aFEDL _beng _cFEDL |
||
| 041 |
_aeng _2eng |
||
| 084 |
_a371.9854, EAS/O _qFEDL |
||
| 245 | 0 | _aReport on the work of the Indian students' department July 1913- June 1914 | |
| 260 |
_aLondon, UK _bThe Authority of his Majesty's Stationery Office _c1914 |
||
| 300 | _a17p. | ||
| 942 |
_cHB _h371.9854, EAS/O |
||
| 999 |
_c1356627 _d1356627 |
||